000 nam a22 7a 4500
999 _c8346
_d8346
008 180110b ||||| |||| 00| 0 eng d
100 _94761
_aAGGARWAL.K ET AL
245 _aENGLIDH COURSE WITH ACTIVITES-4
260 _aNEW DELHI
_bBLACKIE
_c2016